| 000 | 00514nam a2200217 a 4500 | ||
|---|---|---|---|
| 001 | 1699 | ||
| 003 | 1699 | ||
| 005 | 20151030141122.0 | ||
| 008 | 001113s19uu xx 00 eng d | ||
| 020 | _a0-439963109 | ||
| 050 |
_aER _bSn674 2004 |
||
| 100 | _aSteele, Michael Anthony | ||
| 245 | _aSnowgre | ||
| 260 |
_aNew York : _bScholastic, Inc., _c2004. |
||
| 300 | _a59 p. : ill. ; cm. | ||
| 440 | _aSherk Tales | ||
| 650 | _aFairy tales. | ||
| 650 | _aFolklore. | ||
| 942 |
_2lcc _cBK |
||
| 999 |
_c111832 _d111832 |
||